| 000 | 01212nac a22003611i 4500 | ||
|---|---|---|---|
| 003 | EG-ScBUE | ||
| 005 | 20240822091120.0 | ||
| 006 | m||||fq||h 00| 0 | ||
| 008 | 240822t2003 njua f 001 0 eng d | ||
| 020 | _a0130911275 | ||
| 020 | _a9780130911278 | ||
| 040 |
_aEG-ScBUE _beng _erda _cEG-ScBUE _dEG-ScBUE |
||
| 082 | 0 | 4 |
_a510.246213 _bDEE _222 |
| 100 | 1 |
_aDeem, Bill R., _eauthor. |
|
| 245 | 1 | 0 |
_aElectronics and computer math / _cBill Deem, Tony Zannini. |
| 250 | _aSeventh edition. | ||
| 264 | 1 |
_aUpper Saddle River, N.J. : _bPrentice Hall, _c[2003] |
|
| 264 | 4 | _cc2003 | |
| 300 |
_axvii, 891 pages : _billustrations ; _c25 cm + _e1 CD |
||
| 336 |
_2rdacontent _atext _btxt |
||
| 336 |
_2rdacontent _asounds _bsnd |
||
| 337 |
_aunmediated _2rdamedia _bn |
||
| 337 |
_aaudio _2rdamedia _bs |
||
| 338 |
_avolume _bnc _2rdacarrier |
||
| 338 |
_acomputer disc _bcd _2rdacarrier |
||
| 500 | _aIncludes index. | ||
| 538 | _aSystem requirements for accompanying CD-ROM: Windows 95 or higher/Macintosh. | ||
| 650 | 7 |
_aElectronics _xMathematics. _2BUEsh |
|
| 650 | 7 |
_aComputer engineering _xMathematics. _2BUEsh |
|
| 655 | _vReading book | ||
| 700 | 1 |
_aZannini, Tony, _eauthor. |
|
| 942 |
_cBB _2ddc |
||
| 999 |
_c79 _d79 |
||